Basic and clinical pharmacology made memorable / (Record no. 6783)
[ view plain ]
| 000 -LEADER | |
|---|---|
| fixed length control field | 01031cam a2200325 a 4500 |
| 001 - CONTROL NUMBER | |
| control field | 819237 |
| 003 - CONTROL NUMBER IDENTIFIER | |
| control field | OSt |
| 005 - DATE AND TIME OF LATEST TRANSACTION | |
| control field | 20210222105228.0 |
| 008 - FIXED-LENGTH DATA ELEMENTS--GENERAL INFORMATION | |
| fixed length control field | 961107s1997 xxu|||| |||| 00||0|eng |
| 010 ## - LIBRARY OF CONGRESS CONTROL NUMBER | |
| LC control number | 96-45557 |
| 020 ## - INTERNATIONAL STANDARD BOOK NUMBER | |
| International Standard Book Number | 9780443055980 |
| 020 ## - INTERNATIONAL STANDARD BOOK NUMBER | |
| International Standard Book Number | 044305598X |
| 040 ## - CATALOGING SOURCE | |
| Original cataloging agency | DNLM |
| Transcribing agency | DNLM |
| 041 0# - LANGUAGE CODE | |
| Language code of text/sound track or separate title | eng |
| 060 00 - NATIONAL LIBRARY OF MEDICINE CALL NUMBER | |
| Classification number | QV 38 |
| Item number | L974b 1997 |
| 082 ## - DEWEY DECIMAL CLASSIFICATION NUMBER | |
| Classification number | QV 38 |
| Item number | L29b |
| 100 1# - MAIN ENTRY--PERSONAL NAME | |
| Personal name | Luty, Jason. |
| 9 (RLIN) | 13899 |
| 245 10 - TITLE STATEMENT | |
| Title | Basic and clinical pharmacology made memorable / |
| Statement of responsibility, etc. | Jason Luty, Patrick Harrison ; illustrated by Robert Britton. |
| 246 30 - VARYING FORM OF TITLE | |
| Title proper/short title | Pharmacology |
| 260 ## - PUBLICATION, DISTRIBUTION, ETC. (IMPRINT) | |
| Place of publication, distribution, etc. | New York : |
| Name of publisher, distributor, etc. | Churchill Livingstone, |
| Date of publication, distribution, etc. | 1997. |
| 300 ## - PHYSICAL DESCRIPTION | |
| Extent | vii, 110 p. : |
| Other physical details | ill. |
| 336 ## - CONTENT TYPE | |
| Content type term | text |
| Content type code | txt |
| Source | rdacontent |
| 337 ## - MEDIA TYPE | |
| Media type term | unmediated |
| Media type code | n |
| Source | rdamedia |
| 338 ## - CARRIER TYPE | |
| Carrier type term | volume |
| Carrier type code | nc |
| Source | rdacarrier |
| 504 ## - BIBLIOGRAPHY, ETC. NOTE | |
| Bibliography, etc | Includes bibliographical references (p. 105) and index. |
| 650 12 - SUBJECT ADDED ENTRY--TOPICAL TERM | |
| Topical term or geographic name as entry element | Pharmacology |
| Authority record control number | https://id.nlm.nih.gov/mesh/D010600 |
| 9 (RLIN) | 357 |
| 700 1# - ADDED ENTRY--PERSONAL NAME | |
| Personal name | Harrison, Patrick, |
| Titles and other words associated with a name | BSc. |
| 9 (RLIN) | 13900 |
| 942 ## - ADDED ENTRY ELEMENTS (KOHA) | |
| Source of classification or shelving scheme | Dewey Decimal Classification |
| Koha item type | Open Shelf |
| Withdrawn status | Lost status | Source of classification or shelving scheme | Damaged status | Not for loan | Home library | Current library | Date acquired | Source of acquisition | Total Checkouts | Full call number | Barcode | Date last seen | Price effective from | Koha item type |
|---|---|---|---|---|---|---|---|---|---|---|---|---|---|---|
| Other/Generic Classification Scheme | MUST Main Library | MUST Main Library | 22/02/2021 | Purchase | QV 38 L29b 1997 | 2021-0216 | 22/02/2021 | 22/02/2021 | Open Shelf |
